[Event "US Amateur West-ch"]
[Site "Palo Verde"]
[Date "2003.05.24"]
[Round "2"]
[White "Jimenez, Edmund"]
[Black "De Sa, Christopher Matthew"]
[Result "1-0"]
[WhiteElo "1924"]
[BlackElo "1655"]
[PlyCount "61"]
[EventDate "2003.05.24"]
[EventType "swiss"]
[EventRounds "6"]
[EventCountry "USA"]
[SourceTitle "EXT 2014"]
[Source "ChessBase"]
[SourceDate "2013.11.20"]
[SourceVersion "1"]
[SourceVersionDate "2013.11.20"]
[SourceQuality "1"]

1. d4 Nf6 2. Nf3 g6 3. Bf4 Bg7 4. e3 0-0 5. Nbd2 c5 6. c3 b6 7. h3 Ba6 8. Bxa6 Nxa6 9. 0-0 b5 10. Ne5 d6 11. Ng4 Nxg4 12. Qxg4 b4 13. Bg5 Re8 14. f4 bxc3 15. bxc3 Qa5 16. f5 Qxc3 17. Ne4 Qc4 18. f6 Bh8 19. fxe7 f5 20. Qh4 fxe4 21. Bh6 Bg7 22. Bxg7 Kxg7 23. Qf6+ Kg8 24. Qxd6 cxd4 25. Rac1 Qxa2 26. exd4 Qe2 27. Qe6+ Kh8 28. Rce1 Qb5 29. Rf7 Qb6 30. Qe5+ Kg8 31. Qg7# 1-0